|
|
|
|
| LEADER |
00000cam a2200000 7i4500 |
| 001 |
0000003929 |
| 002 |
000004230 |
| 005 |
20000330.0 |
| 020 |
|
|
|a 9810001703
|
| 090 |
0 |
0 |
|a 297.63
|b LUQ
|
| 100 |
0 |
|
|a Luqman Hakim
|
| 245 |
1 |
0 |
|a Rangkaian cerita-cerita tauladan
|c Luqman Hakim
|
| 260 |
|
|
|a Singapura :
|b Bismi Publishers ,
|c 1990
|
| 300 |
|
|
|a 98p. ;
|c 21cm.
|
| 650 |
0 |
0 |
|a Islamic stories
|
| 650 |
0 |
0 |
|a Prophet, Muhammad
|x Companions
|
| 999 |
|
|
|a 035469
|b BUKU
|c PINJAMAN
|e PERPUSTAKAAN KOMUNITI PETALING JAYA
|
| 999 |
|
|
|a 035470
|b BUKU
|c PINJAMAN
|e PERPUSTAKAAN KOMUNITI PETALING JAYA
|
| 999 |
|
|
|a 035471
|b BUKU
|c PINJAMAN
|e PERPUSTAKAAN KOMUNITI PETALING JAYA
|